Slovakisti v Matici slovenskej

Bibliographic Details
Main Author: Ma (Author)
Format: Article
Language:Slovak
PhysicalDescription:Fot. 1.
Subjects:

MARC

LEADER 00000nab a2200000 a 4500
001 vtls000434098
003 SK-MaSNL
005 20260304025527.0
008 120925c1991 xo 0 slo
015 |a SNBRB19rr/mm-uuuuu 
035 |a CL0434226 
040 |a SNKBUCL  |b slo  |c SNKBUCL  |e AACR2 
041 0 |a slo 
044 |a xo  |c SK 
080 |a 808.54:061.3:061.61(437.6)  |2 1981 
080 |a 061.3  |2 1981 
080 |a 061.61(437.6)  |2 1981 
100 1 |a Ma  |4 aut  |9 850758 
245 1 0 |a Slovakisti v Matici slovenskej  |c Ma 
300 |b Fot. 1. 
610 2 7 |a Matica slovenská  |2 snkbucl  |9 14662 
650 0 7 |a Studia Academica Slovaca  |2 snkbucl  |9 7309 
651 7 |a 5306  |2 snkbucl  |9 893716 
655 7 |a články z novín a časopisov  |2 snkbucl  |9 267496 
773 0 |t Slovenské národné noviny  |g Roč. 2, č. 34 (1991), s. 2 
850 |a Slovenská národná knižnica v Martine  |a MTA001 
852 |a SNK  |b KIS3GCP 
958 |a RK 
992 |a RBX 
999 |c 2628321  |d 2630251